000 00448nam a22001697a 4500
005 20251108165210.0
008 250721s1986 xx 000 0 ara d
082 1 4 _a910.4/نوا
100 1 _aالسعداوي، نوال
245 1 0 _aرحلاتي حول العالم /
264 1 _aالقاهره :
_bدار الهلال،
_c1986.
300 _aج
650 1 7 _aالسفر
650 1 7 _aالسياحه
942 _2ddc
_cBK
999 _c21933
_d21933